000 02360nam a22003857a 4500
007 cr
008 250602e20241230ag |||||o ||| 00| 0 spa d
020 _a9786319081572
040 _cAR-FvUNAJ
_dAR-FvUNAJ
_eaacr2
041 _aspa
082 1 4 _214
_a320.8
100 1 _92049
_aAmaya, Paula
_eComp.
245 1 0 _aGobiernos locales de la provincia de Buenos Aires evolución, problemáticas y desafíos a 40 años de democracia /
_cCompiladora Paula Amaya
260 _aFlorencio Varela :
_bUniversidad Nacional Arturo Jauretche,
_c2024
300 _a225 p.
_bdigital
440 _920784
_aObras Colectivas Sobre Resultados : Avances de Investigación
_n6
520 _aEste libro explora la situación actual de los gobiernos locales en Argentina, centrándose en las municipalidades de la provincia de Buenos Aires. A través de cuatro artículos, los autores y las autoras analizan temas como el reciente desarrollo histórico de los gobiernos locales, las relaciones intergubernamentales, la interacción con organizaciones sociales, y el vínculo entre gobiernos locales y universidades públicas. Los textos destacan los desafíos que enfrentan las municipalidades, como la desigualdad económica, la falta de recursos y la necesidad de fortalecer sus capacidades institucionales. La obra propone reflexiones y estrategias para mejorar los gobiernos locales y la calidad de vida de la población.
540 _aEsta obra está bajo una Licencia Creative Commons Argentina. Atribución - No Comercial - Sin Derivadas 2.5 Argentina (CC BY-NC-ND 2.5 AR)
_uhttps://creativecommons.org/licenses/by-nc-nd/2.5/ar/
650 2 7 _2unescot
_93942
_aPOLÍTICAS PÚBLICAS
650 2 7 _2unescot
_916770
_aGestión Pública
653 2 0 _aGobiernos Locales
700 1 _921504
_aCravacuore, Daniel
700 1 _98416
_aCao, Horacio
700 1 _921505
_aHoya, Agustín
700 1 _98420
_aAranda, Federico
700 1 _92220
_aSchuttenberg, Mauricio
700 _91008
_aRofman, Adriana
700 1 _98599
_aBernazza, Claudia
700 1 _912163
_a Bonicatto, María
700 1 _921506
_aMotta, Pablo
830 _920784
_aObras Colectivas Sobre Resultados : Avances de Investigación
_n6
856 4 0 _qapplication/pdf
_uhttps://rid.unaj.edu.ar/handle/123456789/3030
942 _2ddc
_cLIBRO DIGI
980 _620072
_a Matías Regueira
_82
_gVirginia Figueroa
999 _c10957
_d10957